000 01038nam a2200301 4500
001 0000013618
003 CO-CtgCURN
005 20250512220001.0
007 ta
008 160627s1994 000 0 eng d
020 _a9583500100
040 _aCO-CtgCURN
_bspa
_ccoctgcurn
082 0 _a343.2
_bR45i
100 1 _aReyes Alvarado, Yesid.
245 1 0 _aImputacion objetiva /
_cYesid Reyes Alvarado.
260 _aBogotá :
_bTemis,
_c1994.
300 _a422 p.
336 _2rdacontent
337 _2rdamedia
_asin mediacion
_bn
338 _2rdacarrier
_avolumen
_bnc
500 _aIncluye indice.
504 _aBibliografia (p. 395-405)
505 8 _aConcideraciones generales.--Planteamiento del problema.--Fundamentos teoricos de la imputacion objetiva.--La creacion de riesgos juridicamente desaprobados.--Determinacion del riesgos desaprobado
650 1 4 _aDolo (Derecho penal)
908 _a160627
942 _cBK
_h343.2
_iR45i
_2ddc
_n0
999 _c19359
_d19359